000 00349 a2200157 4500
001 175458
020 _a85-342-0615-5
040 _cMagnum
100 _aCarvalho, Aloma Fernandes de
240 1 0 _aCaminhos da ciência 2
_lpor
245 1 0 _aCaminhos da ciência 2
300 _a224
362 0 _a2001
697 _aCIÊNCIAS PURAS
942 _cBK
999 _c175458
_d175458